The Norton introduction to literature / (رقم التسجيلة. 35035)

تفاصيل مارك
000 -الفاتح
حقل البيانات ثابتة الطول 00736nam a22002177a 4500
003 - محدد رقم الضبط
رقم الضبط OSt
005 - وقت وتاريخ اخر تعامل مع التسجيلة
رقم الضبط 20150408114217.0
008 - عناصر البيانات ثابتة الطول - معلومات عامة
حقل البيانات ثابتة الطول 140514s2013 nyua b 001 0 eng
020 ## - الرقم الدولى المعيارى للكتب
الرقم الدولى المعيارى للكتاب 9780393913392 (pbk.)
040 ## - مصدر الفهرسة
وكالة الفهرسة الأصلية Ma-Un
082 00 - رقم تصنيف ديوى العشرى
رقم الطبعة 22
رقم التصنيف 808.8
رقم المادة NOI
245 04 - بيان العنوان
العنوان The Norton introduction to literature /
بيان المسئوليه,etc Kelly J. Mays.
250 ## - بيان الطبعة
بيان الطبعة Shorter 11th ed.
260 ## - PUBLICATION, DISTRIBUTION, ETC. (IMPRINT)
مكان الناشر او الموزع New York :
اسم الناشر او الموزع W.W. Norton & Co.,
تاريخ النشر أو التوزيع 2013.
300 ## - الوصف المادى
التعداد xxxviii, 1931, A45 p. :
تفاصيل ماديه اخرى للوعاء ill. ;
أبعاد الوعاء 24 cm.
504 ## - تبصرة ببليوجرافية
تبصرة ببليوجرافية,الخ Includes bibliographical references and index.
650 ## - المدخل الاضافى بالموضوع-مصطلح موضوعى
مصطلح موضوعي أو اسم جغرافي كعنصر مدخل Literature
التقسيم الفرعي الشكلي Collections.
9 (RLIN) 39245
700 1# - المدخل الاضافى - اسم شخصى
الإسم الشخصى Mays, Kelly J.
9 (RLIN) 45018
942 ## - عناصر المدخل الإضافي( كوها)
مصدر التصنيف او مخطط الترفيف Dewey Decimal Classification
Koha [default] item type كتاب
المقتنيات
حالة الفقد نموذج السعر الفعال حالة تلف ليس للاعارة رقم الطلب رقم النسخة تاريخ الاكتساب مصدر التزويد الموقع الحالي الباركود الفرع الرئيسي Date last seen نوع المادة فى نظام كوها مصدر التصنيف او خطة الترفيف Total Checkouts Date last checked out
  2014-05-14   Not For Loan 808.8 NOI 1 2014-05-14 دار العرب المكتبة المركزية بالمجمعة (CL) 00211293 المكتبة المركزية بالمجمعة (CL) 2014-05-14 كتاب Dewey Decimal Classification    
  2014-05-14     808.8 NOI 2 2014-05-14 دار العرب المكتبة المركزية بالمجمعة (CL) 00211295 المكتبة المركزية بالمجمعة (CL) 2014-10-28 كتاب Dewey Decimal Classification 1 2014-08-05
  2014-05-14   Not For Loan 808.8 NOI 1 2014-05-14 دار العرب مكتبة مجمع الطالبات بالمجمعة (EMF) 00211294 مكتبة مجمع الطالبات بالمجمعة (EMF) 2014-05-14 كتاب Dewey Decimal Classification    
  2014-05-14     808.8 NOI 2 2014-05-14 دار العرب مكتبة مجمع الطالبات بالمجمعة (EMF) 00211296 مكتبة مجمع الطالبات بالمجمعة (EMF) 2014-05-14 كتاب Dewey Decimal Classification